Bharat ratna / (Record no. 150885)

MARC details
000 -LEADER
fixed length control field 00709nam a22002057a 4500
005 - DATE AND TIME OF LATEST TRANSACTION
control field 20180409112200.0
010 ## - LCCN (DPL NO)
LC control number B-690866-867
020 ## - INTERNATIONAL STANDARD BOOK NUMBER
International Standard Book Number 9789381709467
Terms of availability 600.00
035 ## - SYSTEM CONTROL NUMBER
System control number B-690866-867
037 ## - SOURCE OF ACQUISITION
Source of stock number/acquisition Pansy
082 ## - DEWEY DECIMAL CLASSIFICATION NUMBER
Classification number 920
100 ## - MAIN ENTRY--PERSONAL NAME
Personal name Pruthi, R.K.
245 ## - TITLE STATEMENT
Title Bharat ratna /
Statement of responsibility, etc by R.K.Pruthi
260 ## - PUBLICATION, DISTRIBUTION, ETC. (IMPRINT)
Place of publication, distribution, etc New Delhi
Name of publisher, distributor, etc Life Span Publishers and Distributors
Date of publication, distribution, etc 2015
270 ## - ADDRESS
Address 4782/23, Ansari Road, Daryagang,
City New Delhi
Postal code 110002
300 ## - PHYSICAL DESCRIPTION
Extent 269p.
Dimensions 22cm(Hb)
500 ## - GENERAL NOTE
General note Balidani
942 ## - ADDED ENTRY ELEMENTS (KOHA)
Source of classification or shelving scheme Dewey Decimal Classification
Item type English Books
Call number suffix PRU
Classification part 920
Holdings
Withdrawn status Lost status Not for loan Collection code Home library Current library Date acquired Source of acquisition Cost, normal purchase price Full call number Barcode Copy number Cost, replacement price Koha item type
      Non-fiction Central Library Central Library 09/04/2018 Pansy 1721/05.03.2018/795/19.02.2018/12.03.2018 600.00 920 PRU B-690866 1 600.00 English Books
      Non-fiction Sarojini Nagar Sarojini Nagar 09/04/2018 Pansy 1721/05.03.2018/795/19.02.2018/12.03.2018 600.00 920 PRU B-690867 1 600.00 English Books

© Delhi Public Library
Hit Counter
free hit counter